Calidad en el desarrollo de software

Gespeichert in:
Bibliographische Detailangaben
1. Verfasser: Pantaleo, Guillermo (autor)
Format: Unbekannt
Sprache:Englisch
Veröffentlicht: Buenos Aires, Argentina. Alfaomega, 2016
Ausgabe:Segunda edición
Schlagworte:
Tags: Tag hinzufügen
Keine Tags, Fügen Sie den ersten Tag hinzu!

MARC

LEADER 00000 a2200000 4500
003 CL-VaPUC
005 20230302164500.0
008 201216b2016 ||||| |||| 00| 0 eng d
999 |c 432333  |d 432331 
020 |a 9789873832055 
040 |c Pontificia Universidad Católica de Valparaíso 
082 |a 005.3 PAN 2016 
100 |a Pantaleo, Guillermo  |e autor  |9 581908 
245 1 |a Calidad en el desarrollo de software 
250 |a Segunda edición 
260 |a Buenos Aires, Argentina.  |b Alfaomega,  |c 2016 
300 |a 248 páginas  
583 |k Hugo Gaete  |c 20201216 
650 0 |a Desarrollo de software  |9 464463 
942 |2 ddc  |c BK 
952 |0 0  |1 0  |2 ddc  |4 0  |6 005_300000000000000_PAN_2016  |7 0  |8 A  |9 577176  |a BIBING  |b BIBING  |d 2020-12-15  |e 82  |g 9713.00  |i 5579910  |o 005.3 PAN 2016  |p 5579910  |r 2025-01-20  |t 2  |v 9713.00  |w 2020-12-15  |y BK  |k CCI 
952 |0 0  |1 0  |2 ddc  |4 0  |6 005_300000000000000_PAN_2016  |7 0  |8 A  |9 577177  |a BIBING  |b BIBING  |d 2020-12-15  |e 82  |g 9713.00  |i 5579902  |o 005.3 PAN 2016  |p 5579902  |r 2025-01-20  |t 1  |v 9713.00  |w 2020-12-15  |y BK  |k CCI 
952 |0 0  |1 0  |2 ddc  |4 0  |6 005_300000000000000_PAN_2016  |7 0  |8 A  |9 577178  |a BIBING  |b BIBING  |d 2020-12-15  |e 82  |g 9713.00  |i 5579929  |o 005.3 PAN 2016  |p 5579929  |r 2025-01-20  |t 3  |v 9713.00  |w 2020-12-15  |y BK  |k CCI 
952 |0 0  |1 0  |2 ddc  |4 0  |6 005_300000000000000_PAN_2016  |7 0  |8 A  |9 579248  |a BIBING  |b BIBING  |d 2021-11-11  |e 82  |g 15470.00  |i 5626064  |o 005.3 PAN 2016  |p 5626064  |r 2025-01-20  |t 4  |v 15470.00  |w 2021-11-11  |y BK  |k CCI